000
00423nam a22001337a 4500
020
_a
8130907887
082
_a
302.23
100
_a
T.J.S.George
245
_a
Lessons in journalism the story of Pothan Joseph
260
_a
New Delhi
_b
Viva Books
_c
2007
300
_a
263p
942
_c
BK
999
_c
3556
_d
3556